Matemática IV medio
Gespeichert in:
| 1. Verfasser: | |
|---|---|
| Weitere Verfasser: | |
| Format: | Buch |
| Sprache: | Englisch |
| Erschienen: |
Santiago
Arrayán editores
1987
|
| Katalog: | MANES: Suchergebnis im Bibliothekskatalog |
| Schulbuchspezifische Eigenschaften: |
|
| Tags: |
Tag hinzufügen
Keine Tags, Fügen Sie den ersten Tag hinzu!
|
| Hinzugefügt zu: | 04.04.2022 |
| Geändert in: | 25.04.2025 |
MARC
| LEADER | 00000nam a22000007a 4500 | ||
|---|---|---|---|
| 005 | 20250425101530.0 | ||
| 008 | 220405b |||||||| |||| 00| 0 eng d | ||
| 040 | |a MGM | ||
| 100 | |9 41737 |a Carreño, Ximena | ||
| 245 | |a Matemática IV medio | ||
| 260 | |a Santiago |b Arrayán editores |c 1987 | ||
| 300 | |a 222 p. |c 26 x 18 cm. | ||
| 546 | |a Chile | ||
| 561 | |5 cl-MGM |3 T 510202 C314m 1987 |a Chile. Museo Gabriela Mistral |k MANES | ||
| 690 | 0 | |a MATE | |
| 691 | |a SE | ||
| 700 | |9 41738 |a Cruz, Ximena | ||
| 942 | |2 ddc |c BK | ||
| 999 | |c 99591 |d 99591 | ||
| 999 | |c manes:99591 |d 99591 | ||